| 000 | 01793nam a2200337 c 4500 | ||
|---|---|---|---|
| 999 |
_c39238 _d39238 |
||
| 003 | BLK | ||
| 005 | 20200427115013.0 | ||
| 008 | 180408b bul|||||r ||||||| ||bul|| | ||
| 010 | _aKNG00042576000 | ||
| 040 | _aBLK | ||
| 041 |
_aBUL _cBUL |
||
| 072 | 7 |
_2bullib _aА _xФонд Михаил Арнаудов |
|
| 072 | 7 |
_2bullib _aЯ _xАвтографи |
|
| 080 |
_aБългарска литература _b821.163.2 _x-8 _z821.163.2-8 |
||
| 139 |
_aЙовчева, Санда Тенева и др. _bИ 79 |
||
| 245 | 1 | 0 |
_aЛитературен сборник Наши писателки _cнаредил Санда Тенева Йовчева; наредил Вера Христова Бояджиева. |
| 257 | _aBGR | ||
| 260 |
_c1927 _fСофия : Пряпорец |
||
| 300 |
_a94 с. _c22 см |
||
| 380 | _aX | ||
| 490 |
_9396381 _aЧастна колекция - Академик Михаил Арнаудов _gДарение - Основен фонд |
||
| 500 | _aВкл. авт.: С. Йовчева, Ст. Цанкова-Стоянова, Магда Минева, Красимира Янтър, Евгения Димитрова, Вяра Г. Бояджиева, Цвета Цветева, Вяра Хр. Бояджиева. - Подчертавания в предговора на кн. и в текста на стих. на Красимира Янтър: с. 39. - Автограф с текст: На уважаемия г. проф. Д-р М. Арнаудов Ст. Цанкова Стоянова 16. І. 928 г. | ||
| 659 | _aА | ||
| 659 | _aЯ | ||
| 700 | 1 |
_aЙовчева, Санда Тенева _eнаредил _9276548 |
|
| 700 | 1 |
_aБояджиева, Вера Христова _eнаредил _9276549 |
|
| 852 |
_aМА 1586 _bМА |
||
| 856 | 4 | _qpdf | |
| 856 | 4 | _qpdf | |
| 942 |
_cKNG _n0 _s1 |
||
| 944 |
_aCR _c23.11.2017 _kГеновева_Генчева |
||
| 944 |
_aED _c23.11.2017 _kГеновева_Генчева |
||
| 999 | _d39238 | ||